Sex and the Supreme court: (Record no. 181957)

MARC details
000 -LEADER
fixed length control field 00618nam a22001817a 4500
005 - DATE AND TIME OF LATEST TRANSACTION
control field 20220216151428.0
010 ## - LCCN (DPL NO)
LC control number ENG-130031
020 ## - INTERNATIONAL STANDARD BOOK NUMBER
Terms of availability 699.00
International Standard Book Number 9789389253009
035 ## - SYSTEM CONTROL NUMBER
System control number EN-113563
037 ## - SOURCE OF ACQUISITION
Source of stock number/acquisition DBAD/PUB
082 ## - DEWEY DECIMAL CLASSIFICATION NUMBER
Classification number 306.70954
245 ## - TITLE STATEMENT
Title Sex and the Supreme court:
Remainder of title How the Law is Upholding he Dignity of the Indian Citizen
Statement of responsibility, etc edited by Surabh Kirpal
250 ## - EDITION STATEMENT
Edition statement 2020
260 ## - PUBLICATION, DISTRIBUTION, ETC. (IMPRINT)
Name of publisher, distributor, etc Hachette Book Publishing India Pvt.Ltd
Place of publication, distribution, etc Gurugram
270 ## - ADDRESS
Address Plot No.94, Sector 44,
City Gurugram
Postal code 122003
300 ## - PHYSICAL DESCRIPTION
Extent vi,345p
Dimensions 21 cm (pbk)
Other physical details Notes and References
942 ## - ADDED ENTRY ELEMENTS (KOHA)
Source of classification or shelving scheme Dewey Decimal Classification
Item type English Books
Classification part 306.70954
Call number suffix KIR
Holdings
Withdrawn status Lost status Not for loan Collection code Home library Current library Date acquired Source of acquisition Cost, normal purchase price Full call number Barcode Copy number Cost, replacement price Koha item type
      Non-fiction Ashok Vihar Ashok Vihar 12/10/2021 DBAD/PUB 699.00 306.70954 KIR EN-113563 1 699.00 English Books

© Delhi Public Library
Hit Counter
free hit counter